[Event "Baku op-A"]
[Site "Baku"]
[Date "2025.05.01"]
[Round "4"]
[White "Ismayil, Malak"]
[Black "Jval, Saurin Patel"]
[Result "1-0"]
[WhiteElo "2113"]
[BlackElo "2334"]
[PlyCount "71"]
[EventDate "2025.04.28"]
[EventType "swiss"]
[EventRounds "9"]
[EventCountry "AZE"]
[SourceTitle "CB19_2025"]
[SourceDate "2025.05.07"]
[SourceVersion "1"]
[SourceVersionDate "2025.05.07"]
[SourceQuality "1"]

1. e4 e6 2. d3 d5 3. Nd2 Nf6 4. Ngf3 c5 5. g3 Nc6 6. Bg2 Be7 7. 0-0 0-0 8. Re1 b5 9. e5 Nd7 10. Nf1 a5 11. h4 Ba6 12. h5 h6 13. N1h2 Re8 14. Bf4 c4 15. d4 c3 16. bxc3 Nb6 17. g4 Na4 18. Bd2 b4 19. cxb4 axb4 20. g5 hxg5 21. Ng4 Nc3 22. Bxc3 bxc3 23. h6 gxh6 24. Nxh6+ Kg7 25. Ng4 Na5 26. Re3 Rc8 27. Nf6 Bxf6 28. exf6+ Kxf6 29. Ne5 Kg7 30. Qh5 Qf6 31. Rg3 Rc7 32. Rxg5+ Kf8 33. Re1 Nc4 34. Ng6+ Kg7 35. Nf4+ Kf8 36. Nxd5 1-0

[Event "Baku op-A"]
[Site "Baku"]
[Date "2025.04.28"]
[Round "1"]
[White "Jval, Saurin Patel"]
[Black "Samadov, Read"]
[Result "1/2-1/2"]
[WhiteElo "2334"]
[BlackElo "2521"]
[PlyCount "152"]
[EventDate "2025.04.28"]
[EventType "swiss"]
[EventRounds "9"]
[EventCountry "AZE"]
[SourceTitle "CB19_2025"]
[SourceDate "2025.05.07"]
[SourceVersion "1"]
[SourceVersionDate "2025.05.07"]
[SourceQuality "1"]

1. d4 Nf6 2. c4 e6 3. Nc3 Bb4 4. a3 Bxc3+ 5. bxc3 c5 6. e3 b6 7. Bd3 Bb7 8. f3 Nc6 9. Ne2 0-0 10. e4 Ne8 11. Be3 Na5 12. dxc5 Ba6 13. cxb6 axb6 14. c5 Bxd3 15. Qxd3 Nb3 16. Rd1 Nxc5 17. Bxc5 bxc5 18. Qxd7 Qh4+ 19. Ng3 Rxa3 20. 0-0 Rxc3 21. e5 Rc4 22. Ne4 Rd4 23. Rxd4 cxd4 24. Rc1 Qh5 25. Qxd4 f6 26. Rc5 Qf7 27. Qc4 Qd7 28. h3 fxe5 29. Rxe5 Nc7 30. Nc5 Qd1+ 31. Kh2 Qd6 32. f4 Qc6 33. Qb3 Qd6 34. Qc4 Qc6 35. Qd4 h6 36. Re3 Qd5 37. Re4 Qxd4 38. Rxd4 Rf5 39. Rd8+ Rf8 40. Rd7 Rf7 41. Rd4 Rf5 42. Rc4 Kh7 43. Nd7 Nd5 44. g3 g5 45. fxg5 hxg5 46. Rc6 Rf7 47. Ne5 Re7 48. Kg2 Kg7 49. Kf3 Nf6 50. Ke3 Nh5 51. Kf3 Nf6 52. Rd6 Ra7 53. Rxe6 Ra3+ 54. Kg2 Ra2+ 55. Kg1 Ra3 56. Kg2 Ra2+ 57. Kf1 Ra3 58. Re7+ Kg8 59. Re6 Kg7 60. Re7+ Kg8 61. Kg2 Ra2+ 62. Kh1 Ra1+ 63. Kg2 Ra2+ 64. Kg1 Ra3 65. Nf7 Kf8 66. Rb7 Ne4 67. Nh6 Rxg3+ 68. Kh2 Rf3 69. Ng4 Ra3 70. Rb4 Ra2+ 71. Kg1 Re2 72. Rb5 Kg7 73. Re5 Kg6 74. Re8 Kf7 75. Ra8 Kg6 76. Ra5 Nd2 1/2-1/2

[Event "Maharashtra op 3rd"]
[Site "Hadapsar"]
[Date "2025.04.25"]
[Round "7"]
[White "Kumar S, Madhesh"]
[Black "Jval, Saurin Patel"]
[Result "1/2-1/2"]
[WhiteElo "2183"]
[BlackElo "2298"]
[PlyCount "60"]
[EventDate "2025.04.20"]
[EventType "swiss"]
[EventRounds "10"]
[EventCountry "IND"]
[SourceTitle "CB18_2025"]
[SourceDate "2025.04.30"]
[SourceVersion "1"]
[SourceVersionDate "2025.04.30"]
[SourceQuality "1"]

1. e4 e6 2. d4 d5 3. Nc3 Nf6 4. e5 Nfd7 5. f4 c5 6. Nf3 Nc6 7. Be3 Be7 8. a3 0-0 9. dxc5 f6 10. exf6 Nxf6 11. Qd2 Qa5 12. Bb5 Ne4 13. Nxe4 Qxb5 14. Nd6 Qxb2 15. 0-0 b6 16. Nd4 bxc5 17. Rfb1 Qxb1+ 18. Rxb1 cxd4 19. Nxc8 Raxc8 20. Bf2 Bxa3 21. Qe2 Rfe8 22. Rb7 Bd6 23. Bg3 Nd8 24. Rd7 Bc5 25. Bf2 Nf7 26. Qh5 Nh6 27. Qe5 Nf7 28. Qh5 Nh6 29. Qe5 Nf7 30. Qh5 Nh6 1/2-1/2

[Event "Maharashtra op 3rd"]
[Site "Hadapsar"]
[Date "2025.04.22"]
[Round "3"]
[White "Deepan Chakkravarthy, J."]
[Black "Jval, Saurin Patel"]
[Result "1-0"]
[WhiteElo "2394"]
[BlackElo "2298"]
[PlyCount "59"]
[EventDate "2025.04.20"]
[EventType "swiss"]
[EventRounds "10"]
[EventCountry "IND"]
[SourceTitle "CB18_2025"]
[SourceDate "2025.04.30"]
[SourceVersion "1"]
[SourceVersionDate "2025.04.30"]
[SourceQuality "1"]

1. e4 e6 2. d4 d5 3. e5 c5 4. c3 Nc6 5. Nf3 Qb6 6. Bd3 cxd4 7. 0-0 Bd7 8. Re1 Nge7 9. h4 h6 10. h5 Nf5 11. Bxf5 exf5 12. cxd4 Be7 13. Nc3 Be6 14. a3 Na5 15. b4 Nc4 16. Na4 Qc6 17. Nc5 a5 18. Bf4 b6 19. Nxe6 fxe6 20. Qb3 b5 21. Nh2 axb4 22. axb4 0-0 23. Qg3 Kh8 24. Nf3 Qd7 25. Reb1 Rxa1 26. Rxa1 Bxb4 27. Nh4 Rc8 28. Ra6 Qe8 29. Ra7 g5 30. Bxg5 1-0

[Event "Maharashtra op 3rd"]
[Site "Hadapsar"]
[Date "2025.04.21"]
[Round "2"]
[White "Jval, Saurin Patel"]
[Black "Sherla, Prathamesh"]
[Result "1-0"]
[WhiteElo "2298"]
[BlackElo "2157"]
[PlyCount "53"]
[EventDate "2025.04.20"]
[EventType "swiss"]
[EventRounds "10"]
[EventCountry "IND"]
[SourceTitle "CB18_2025"]
[SourceDate "2025.04.30"]
[SourceVersion "1"]
[SourceVersionDate "2025.04.30"]
[SourceQuality "1"]

1. d4 e6 2. c4 Nf6 3. Nc3 Bb4 4. a3 Bxc3+ 5. bxc3 c5 6. e3 b6 7. Bd3 Bb7 8. f3 Nc6 9. Ne2 d6 10. e4 Na5 11. Ng3 Rc8 12. d5 Ba6 13. 0-0 Qd7 14. Qe2 Qa4 15. Bg5 Nd7 16. Nh5 0-0 17. Bh6 g6 18. Qf2 e5 19. f4 f6 20. fxe5 dxe5 21. Qh4 gxh5 22. Qg3+ Kf7 23. Rxf6+ Nxf6 24. Qg7+ Ke8 25. Qxf8+ Kd7 26. Qf7+ Kd6 27. Bf8+ 1-0

[Event "Maharashtra op 3rd"]
[Site "Hadapsar"]
[Date "2025.04.20"]
[Round "1"]
[White "Sarwat, Walaa"]
[Black "Jval, Saurin Patel"]
[Result "1/2-1/2"]
[WhiteElo "2047"]
[BlackElo "2298"]
[PlyCount "74"]
[EventDate "2025.04.20"]
[EventType "swiss"]
[EventRounds "10"]
[EventCountry "IND"]
[SourceTitle "CB18_2025"]
[SourceDate "2025.04.30"]
[SourceVersion "1"]
[SourceVersionDate "2025.04.30"]
[SourceQuality "1"]

1. e4 e6 2. d4 d5 3. Nc3 Nf6 4. Bd3 c5 5. exd5 exd5 6. dxc5 Bxc5 7. Nf3 0-0 8. 0-0 h6 9. h3 Nc6 10. Bf4 Re8 11. Nb5 Re7 12. c3 Ne4 13. Bxe4 dxe4 14. Qxd8+ Nxd8 15. Nfd4 Ne6 16. Be3 Bd7 17. b4 Bxb5 18. Nxb5 Bxe3 19. fxe3 Nc7 20. Nxc7 Rxc7 21. Rad1 Rxc3 22. Rd7 f6 23. Rxb7 Rxe3 24. Rc1 Rg3 25. Rcc7 a6 26. Kf2 Rg5 27. a4 f5 28. g3 Rd8 29. Rd7 Rc8 30. Rbc7 Rf8 31. b5 axb5 32. axb5 f4 33. gxf4 Rxf4+ 34. Ke3 Rf3+ 35. Kxe4 Rb3 36. h4 Rb4+ 37. Kf3 Rg6 1/2-1/2

[Event "Chennai op 15th"]
[Site "Chennai"]
[Date "2025.01.05"]
[Round "6"]
[White "Shahil, Dey"]
[Black "Jval, Saurin Patel"]
[Result "1-0"]
[WhiteElo "2374"]
[BlackElo "2064"]
[PlyCount "63"]
[EventDate "2025.01.02"]
[EventType "swiss"]
[EventRounds "10"]
[EventCountry "IND"]
[SourceTitle "CB03_2025"]
[SourceDate "2025.01.15"]
[SourceVersion "1"]
[SourceVersionDate "2025.01.15"]
[SourceQuality "1"]

1. e4 e6 2. d4 d5 3. Nd2 Nf6 4. e5 Nfd7 5. f4 c5 6. c3 Nc6 7. Ndf3 Qb6 8. a3 a5 9. b3 Be7 10. h4 h6 11. h5 f6 12. Bd3 0-0 13. Ne2 Qc7 14. Bb1 b5 15. Qc2 f5 16. g4 Nb6 17. Rg1 Bd7 18. Ng3 cxd4 19. gxf5 exf5 20. cxd4 Rac8 21. Be3 Na7 22. Qg2 Bd8 23. Ne4 Be6 24. Nc5 Re8 25. Nxe6 Rxe6 26. Bxf5 Re7 27. Rc1 Qxc1+ 28. Bxc1 Rxc1+ 29. Kd2 Rc6 30. e6 Kf8 31. Ne5 Rec7 32. Nd7+ 1-0

[Event "IND-ch U13 37th"]
[Site "Durgapur"]
[Date "2024.12.22"]
[Round "9"]
[White "Jval, Saurin Patel"]
[Black "Sagnik, Dutta1"]
[Result "1-0"]
[WhiteElo "2002"]
[BlackElo "1775"]
[PlyCount "59"]
[EventDate "2024.12.17"]
[EventType "swiss"]
[EventRounds "11"]
[EventCountry "IND"]
[SourceTitle "CB04_2025"]
[SourceDate "2025.01.22"]
[SourceVersion "1"]
[SourceVersionDate "2025.01.22"]
[SourceQuality "1"]

1. d4 Nf6 2. c4 e6 3. Nc3 Bb4 4. a3 Bxc3+ 5. bxc3 0-0 6. f3 d5 7. e3 c5 8. cxd5 exd5 9. Bd3 Nc6 10. Ne2 Re8 11. 0-0 Be6 12. Bb2 Qb6 13. Rb1 Rad8 14. Kh1 Bc8 15. Qd2 Qc7 16. Ng3 a6 17. e4 dxe4 18. fxe4 cxd4 19. Rxf6 gxf6 20. Qh6 Re5 21. cxd4 Nxd4 22. Nh5 Rxh5 23. Qxh5 Qf4 24. Rf1 Qg5 25. Qd1 Rd6 26. Bc1 Qg4 27. Qe1 Nc6 28. Rf3 Qd7 29. Qg3+ Qg4 30. Qxd6 1-0

[Event "IND-ch U13 37th"]
[Site "Durgapur"]
[Date "2024.12.19"]
[Round "4"]
[White "Abhirup, Saikia"]
[Black "Jval, Saurin Patel"]
[Result "0-1"]
[WhiteElo "1791"]
[BlackElo "2002"]
[PlyCount "94"]
[EventDate "2024.12.17"]
[EventType "swiss"]
[EventRounds "11"]
[EventCountry "IND"]
[SourceTitle "CB04_2025"]
[SourceDate "2025.01.22"]
[SourceVersion "1"]
[SourceVersionDate "2025.01.22"]
[SourceQuality "1"]

1. e4 e6 2. d4 d5 3. exd5 exd5 4. c4 Nf6 5. Nc3 Bb4 6. Nf3 0-0 7. Be2 dxc4 8. Bxc4 Qe7+ 9. Be3 Nbd7 10. 0-0 Nb6 11. Bb3 h6 12. Re1 Qd8 13. Qd3 Nbd5 14. Bd2 Ne7 15. Ne5 Bd6 16. Rad1 Bxe5 17. Rxe5 Nc6 18. Qg6 Kh8 19. Bxf7 Ne7 20. Rxe7 Qxe7 21. Bb3 Ng4 22. Bc2 Nf6 23. Nd5 Qf7 24. Nf4 Be6 25. d5 Bxd5 26. Bc3 Be4 27. Bxe4 Nxe4 28. Qxe4 Qxf4 29. Qxf4 Rxf4 30. Rd7 Rg4 31. Rxc7 b5 32. a3 a6 33. g3 Kg8 34. f4 Rf8 35. Rc6 Rfxf4 36. Rxa6 Rf7 37. Ra5 Rg5 38. a4 bxa4 39. Rxa4 Rgf5 40. Rg4 h5 41. Re4 Rf1+ 42. Kg2 R7f2+ 43. Kh3 g5 44. Re5 Rh1 45. Rxg5+ Kf8 46. g4 Rhxh2+ 47. Kg3 h4# 0-1

[Event "IND-ch U17 34th"]
[Site "Chandigarh"]
[Date "2024.07.18"]
[Round "6"]
[White "Nimay, Agrawal"]
[Black "Jval, Saurin Patel"]
[Result "1-0"]
[WhiteElo "1896"]
[BlackElo "2048"]
[PlyCount "97"]
[EventDate "2024.07.15"]
[EventType "swiss"]
[EventRounds "11"]
[EventCountry "IND"]
[SourceTitle "CBM 221 Extra"]
[Source "ChessBase"]
[SourceDate "2024.09.30"]
[SourceVersion "1"]
[SourceVersionDate "2024.09.30"]
[SourceQuality "1"]

1. d4 Nf6 2. Bf4 c5 3. e3 Qb6 4. Nc3 d6 5. Rb1 g6 6. Nf3 Bg7 7. Be2 0-0 8. h3 Nc6 9. d5 Nb8 10. 0-0 Nbd7 11. Bh2 a6 12. Nd2 Rb8 13. e4 Ne8 14. f4 Qa7 15. a4 c4+ 16. Kh1 b5 17. axb5 axb5 18. Qe1 Ba6 19. Nd1 Nc5 20. Bg1 Qc7 21. b4 Na4 22. Be3 Nf6 23. Bf3 Rfe8 24. Qf2 e6 25. Bd4 exd5 26. exd5 Bb7 27. Rc1 c3 28. Nb1 Ne4 29. Bxe4 Rxe4 30. Bxg7 Kxg7 31. Qf3 Rc4 32. f5 g5 33. Ne3 Rxb4 34. f6+ Kh8 35. Nf5 Qc5 36. Ne7 Rh4 37. Qf5 h6 38. Rce1 Nb6 39. Rf3 Bxd5 40. Ng6+ Kg8 41. Nxh4 Bxf3 42. Qxf3 gxh4 43. Nxc3 Kh8 44. Re7 Rf8 45. Ne4 Qxc2 46. Qg4 Rg8 47. Re8 Qd1+ 48. Qxd1 Rxe8 49. Qh5 1-0

[Event "IND-ch U17 34th"]
[Site "Chandigarh"]
[Date "2024.07.17"]
[Round "4"]
[White "Arnav, Mahesh Koli"]
[Black "Jval, Saurin Patel"]
[Result "0-1"]
[WhiteElo "1897"]
[BlackElo "2048"]
[PlyCount "92"]
[EventDate "2024.07.15"]
[EventType "swiss"]
[EventRounds "11"]
[EventCountry "IND"]
[SourceTitle "CBM 221 Extra"]
[Source "ChessBase"]
[SourceDate "2024.09.30"]
[SourceVersion "1"]
[SourceVersionDate "2024.09.30"]
[SourceQuality "1"]

1. e4 e6 2. d4 d5 3. Nc3 Nf6 4. exd5 exd5 5. Bb5+ c6 6. Bd3 Bd6 7. Nge2 0-0 8. 0-0 Qc7 9. h3 Re8 10. f4 a6 11. Ng3 c5 12. Qf3 c4 13. Bf5 Nc6 14. Nxd5 Nxd5 15. Qxd5 Nxd4 16. Be4 Be6 17. Qxb7 Qc5 18. Be3 Ra7 19. Bxh7+ Kxh7 20. Qe4+ Bf5 21. Qxd4 Rxe3 22. Nxf5 Qxf5 23. Qxd6 Rd7 24. Qb6 Re2 25. Rf2 Qxc2 26. Raf1 Rdd2 27. Rxe2 Rxe2 28. Rf2 Qb1+ 29. Kh2 Re1 30. Qxa6 Rh1+ 31. Kg3 Qd3+ 32. Rf3 Qe2 33. Qa3 Rd1 34. Re3 Qf1 35. Qc3 Rd6 36. f5 Rd3 37. Rxd3 cxd3 38. Qd2 Qxf5 39. a4 Qe4 40. a5 Qc4 41. Kf2 f5 42. g3 Kg6 43. g4 f4 44. h4 Kh7 45. Kf3 Qc2 46. Qxf4 d2 0-1

[Event "IND-ch U17 34th"]
[Site "Chandigarh"]
[Date "2024.07.16"]
[Round "3"]
[White "Jval, Saurin Patel"]
[Black "Akbari, Mann"]
[Result "1-0"]
[WhiteElo "2048"]
[BlackElo "1828"]
[PlyCount "47"]
[EventDate "2024.07.15"]
[EventType "swiss"]
[EventRounds "11"]
[EventCountry "IND"]
[SourceTitle "CBM 221 Extra"]
[Source "ChessBase"]
[SourceDate "2024.09.30"]
[SourceVersion "1"]
[SourceVersionDate "2024.09.30"]
[SourceQuality "1"]

1. d4 Nf6 2. c4 c5 3. d5 b5 4. Nf3 b4 5. Qc2 g6 6. e4 d6 7. Bd3 Bg7 8. 0-0 0-0 9. h3 e5 10. a3 Nbd7 11. Be3 Qc7 12. Nbd2 Nh5 13. Rfc1 Nf4 14. Bf1 bxa3 15. Rxa3 Nb8 16. b4 cxb4 17. Ra2 Na6 18. Nb3 f5 19. c5 fxe4 20. Ng5 Nd3 21. cxd6 Qd7 22. Rd1 Bh6 23. Nxe4 Bxe3 24. fxe3 1-0

[Event "Wch U20 61st"]
[Site "Gandhinagar"]
[Date "2024.06.12"]
[Round "10"]
[White "Jval, Saurin Patel"]
[Black "Jyotshnav, Talukdar"]
[Result "1-0"]
[WhiteElo "2085"]
[BlackElo "1898"]
[PlyCount "67"]
[EventDate "2024.06.02"]
[EventType "swiss"]
[EventRounds "11"]
[EventCountry "IND"]
[SourceTitle "CBM 220 Extra"]
[Source "ChessBase"]
[SourceDate "2024.07.31"]
[SourceVersion "1"]
[SourceVersionDate "2024.07.31"]
[SourceQuality "1"]

1. d4 Nf6 2. c4 e6 3. Nc3 Bb4 4. a3 Bxc3+ 5. bxc3 c5 6. e3 Nc6 7. Bd3 0-0 8. Ne2 d6 9. e4 Ne8 10. Be3 b6 11. Ng3 Na5 12. 0-0 g6 13. e5 Bb7 14. Qe2 dxe5 15. dxe5 Qh4 16. f3 f5 17. exf6 Nd6 18. Rad1 Rad8 19. Be4 Ba6 20. Qe1 Ndxc4 21. Rxd8 Rxd8 22. Nf5 Qxf6 23. Nh6+ Kg7 24. Ng4 Qe7 25. Bh6+ Kg8 26. h4 Qd6 27. h5 Nd2 28. hxg6 hxg6 29. Qh4 Nxe4 30. fxe4 Bxf1 31. Qf6 Qd7 32. Qxg6+ Kh8 33. Nf6 Qe7 34. Bg7+ 1-0

[Event "Wch U20 61st"]
[Site "Gandhinagar"]
[Date "2024.06.11"]
[Round "9"]
[White "Boricha, Yohan"]
[Black "Jval, Saurin Patel"]
[Result "0-1"]
[WhiteElo "1811"]
[BlackElo "2085"]
[PlyCount "58"]
[EventDate "2024.06.02"]
[EventType "swiss"]
[EventRounds "11"]
[EventCountry "IND"]
[SourceTitle "CBM 220 Extra"]
[Source "ChessBase"]
[SourceDate "2024.07.31"]
[SourceVersion "1"]
[SourceVersionDate "2024.07.31"]
[SourceQuality "1"]

1. e4 e6 2. d4 d5 3. Nd2 Nf6 4. e5 Nfd7 5. c3 c5 6. f4 Nc6 7. Ndf3 Qb6 8. a3 a5 9. b3 Be7 10. h4 h6 11. h5 f6 12. Bd3 0-0 13. Bc2 Qc7 14. Ne2 b5 15. g4 Ba6 16. Qd3 f5 17. gxf5 exf5 18. Ng3 b4 19. c4 dxc4 20. bxc4 b3 21. Nxf5 bxc2 22. Nxh6+ Kh8 23. Rg1 Nxd4 24. Nxd4 Nxe5 25. fxe5 Qxe5+ 26. Qe3 Bh4+ 27. Kd2 Qxe3+ 28. Kxe3 Bf2+ 29. Kd3 Bxd4 0-1

[Event "Wch U20 61st"]
[Site "Gandhinagar"]
[Date "2024.06.04"]
[Round "3"]
[White "Sharnarthi, Shlok"]
[Black "Jval, Saurin Patel"]
[Result "0-1"]
[WhiteElo "1838"]
[BlackElo "2085"]
[PlyCount "94"]
[EventDate "2024.06.02"]
[EventType "swiss"]
[EventRounds "11"]
[EventCountry "IND"]
[SourceTitle "CBM 220 Extra"]
[Source "ChessBase"]
[SourceDate "2024.07.31"]
[SourceVersion "1"]
[SourceVersionDate "2024.07.31"]
[SourceQuality "1"]

1. e4 e6 2. d3 d5 3. Nd2 Nf6 4. g3 Be7 5. Bg2 0-0 6. Ngf3 c5 7. 0-0 Nc6 8. e5 Nd7 9. Re1 b5 10. Nf1 a5 11. h4 Ba6 12. h5 b4 13. N1h2 a4 14. Bf4 Nb6 15. Ng4 c4 16. d4 c3 17. b3 axb3 18. axb3 Bb5 19. Rxa8 Qxa8 20. h6 g6 21. Bg5 Nd7 22. Qc1 Qd8 23. Bxe7 Qxe7 24. Bh3 f5 25. exf6 Nxf6 26. Qe3 Ne4 27. Nfe5 Nd8 28. Ra1 Nd6 29. f3 Nf5 30. Qf2 Qb7 31. Bf1 Bxf1 32. Kxf1 Nc6 33. Nxc6 Qxc6 34. Qe1 Qb5+ 35. Kg2 Qb6 36. Qe5 Qxd4 37. Nf6+ Rxf6 38. Ra8+ Kf7 39. Qb8 Qd2+ 40. Kh3 Qxh6+ 41. Kg2 Nh4+ 42. gxh4 Qd2+ 43. Kg3 Qe1+ 44. Kg4 Qg1+ 45. Qg3 h5+ 46. Kh3 Qh1+ 47. Qh2 Rxf3# 0-1

[Event "Wch U20 61st"]
[Site "Gandhinagar"]
[Date "2024.06.03"]
[Round "2"]
[White "Jval, Saurin Patel"]
[Black "Rohith, S2."]
[Result "1/2-1/2"]
[WhiteElo "2085"]
[BlackElo "1866"]
[PlyCount "94"]
[EventDate "2024.06.02"]
[EventType "swiss"]
[EventRounds "11"]
[EventCountry "IND"]
[SourceTitle "CBM 220 Extra"]
[Source "ChessBase"]
[SourceDate "2024.07.31"]
[SourceVersion "1"]
[SourceVersionDate "2024.07.31"]
[SourceQuality "1"]

1. d4 Nf6 2. c4 g6 3. Nc3 Bg7 4. e4 d6 5. f4 0-0 6. Nf3 e5 7. dxe5 dxe5 8. Qxd8 Rxd8 9. Nxe5 Re8 10. Bd3 Na6 11. Be3 Nb4 12. Bb1 Ng4 13. Nxg4 Bxg4 14. a3 Bxc3+ 15. bxc3 Nc6 16. Kf2 Be6 17. c5 Bb3 18. Bd4 Rad8 19. Ke3 f5 20. e5 Na5 21. Bd3 Bc4 22. Bc2 b6 23. Ba4 Re7 24. Rad1 Bb3 25. Bxb3+ Nxb3 26. cxb6 axb6 27. Rb1 Na5 28. Ke2 Nc4 29. Kd3 Na5 30. Kc2 Nc4 31. Rbd1 Red7 32. Rhe1 c5 33. e6 Rd6 34. e7 Re8 35. Bf2 Rxd1 36. Kxd1 Kf7 37. Bh4 Nxa3 38. Ke2 Nb5 39. Kd3 Nd6 40. Rb1 b5 41. Ra1 h6 42. Ra5 Ne4 43. g4 g5 44. fxg5 hxg5 45. gxf5 Rxe7 46. Bg3 Nxg3 47. hxg3 g4 1/2-1/2

[Event "IND-chT 43rd"]
[Site "Dharamshala"]
[Date "2024.03.31"]
[Round "4.2"]
[White "Jval, Saurin Patel"]
[Black "Sriram, Adarsh Uppala"]
[Result "1-0"]
[WhiteElo "1934"]
[BlackElo "2141"]
[PlyCount "97"]
[EventDate "2024.03.29"]
[EventType "team-swiss"]
[EventRounds "9"]
[EventCountry "IND"]
[SourceTitle "CBM 219 Extra"]
[Source "ChessBase"]
[SourceDate "2024.05.31"]
[SourceVersion "1"]
[SourceVersionDate "2024.05.31"]
[SourceQuality "1"]
[WhiteTeam "Gujarat"]
[BlackTeam "Telangana"]
[WhiteTeamCountry "IND"]
[BlackTeamCountry "IND"]

1. d4 Nf6 2. c4 e6 3. Nc3 d5 4. cxd5 Nxd5 5. e4 Nxc3 6. bxc3 c5 7. Nf3 cxd4 8. cxd4 Bb4+ 9. Bd2 Bxd2+ 10. Qxd2 0-0 11. Bc4 b6 12. 0-0 Bb7 13. Rfe1 Nd7 14. Rad1 Rc8 15. Bb3 Re8 16. d5 exd5 17. exd5 Nc5 18. d6 Bxf3 19. gxf3 Qd7 20. Re3 Rxe3 21. fxe3 a5 22. e4 Kf8 23. e5 h6 24. Qc2 Kg8 25. Bd5 Na4 26. Qg6 Nc5 27. Kh1 Ne6 28. Qg4 Rc5 29. f4 h5 30. Qf3 g6 31. f5 Ng5 32. Qf4 Rxd5 33. Rxd5 Qc6 34. Qd2 Qc4 35. Qd3 Qc1+ 36. Kg2 Qb2+ 37. Qd2 Qb1 38. Rd3 Ne4 39. Qe2 Nc5 40. d7 Nxd7 41. Rxd7 Qxf5 42. Rd8+ Kg7 43. h4 Qf4 44. Kh3 g5 45. hxg5 Qf5+ 46. Kh4 Qf4+ 47. Kxh5 Qg3 48. Rd3 Qg1 49. Rh3 1-0

[Event "IND-ch U19"]
[Site "Ahmedabad"]
[Date "2023.09.22"]
[Round "4"]
[White "Vihaan, Karthikeya N"]
[Black "Jval, Saurin Patel"]
[Result "0-1"]
[WhiteElo "1615"]
[BlackElo "1814"]
[PlyCount "116"]
[EventDate "2023.09.20"]
[EventType "swiss"]
[EventRounds "11"]
[EventCountry "IND"]
[SourceTitle "CBM 216 Extra"]
[Source "ChessBase"]
[SourceDate "2023.11.30"]
[SourceVersion "1"]
[SourceVersionDate "2023.11.30"]
[SourceQuality "1"]

1. d4 Nf6 2. c4 c6 3. Nc3 d5 4. Nf3 dxc4 5. a4 Bf5 6. e3 e6 7. Bxc4 Bb4 8. 0-0 Nbd7 9. Qb3 a5 10. Re1 0-0 11. h3 Ne4 12. Bd2 Bd6 13. Rad1 Qe7 14. Bc1 Rfd8 15. Nxe4 Bxe4 16. Nd2 Bg6 17. Nf3 Nf6 18. Ne5 Bxe5 19. dxe5 Ne4 20. f3 Nc5 21. Qa3 Bc2 22. Rd4 Rxd4 23. exd4 Qh4 24. Qe3 Nxa4 25. Rf1 Nb6 26. Ba2 Qe7 27. Bd2 a4 28. f4 a3 29. b4 Nd5 30. Qe1 Ra4 31. Qc1 Be4 32. Qe1 f5 33. exf6 Nxf6 34. f5 Bd5 35. Bxd5 cxd5 36. Qe5 a2 37. Bc3 Kf7 38. fxe6+ Qxe6 39. Qc7+ Qe7 40. Qe5 Ke8 41. Qb8+ Kf7 42. Qe5 Qd7 43. Qh5+ Kg8 44. Qe5 h6 45. Qb8+ Kh7 46. Qf8 Qe6 47. Kh2 Ne4 48. Qf3 Ra3 49. Qe2 Qd6+ 50. Kg1 Nxc3 51. Qb2 Qa6 52. Qc2+ Ne4 53. Ra1 Qc4 54. Qb2 Rb3 55. Qxa2 Qxd4+ 56. Kh2 Rb2 57. Qa3 Rxg2+ 58. Kh1 Rg3 0-1